Intersiembra de leguminosa sobre Thinopyrum ponticum como mejoradora de la biomasa forrajera, valor nutricional y estado orgánico del suelo /

Guardado en:
Otros Autores: Menghini, Mariano. (Disertante), Arelovich, Hugo M. (Orientador), Galantini, Juan Alberto. (Orientador)
Formato: Manuscrito
Idioma:Spanish
Publicado: 2018.
Materias:
Acceso en línea:Texto completo
Etiquetas: Agregar Etiqueta
Sin Etiquetas, Sea el primero en etiquetar este registro!
LEADER 01466ntm a22003375a 4500
001 EEA.libagro010986
005 20180605112745.0
008 180530s2018####ag#a#####bm###000#0#spa#d
082 0 4 |a 040  |2 15 
082 0 4 |a 583.3  |2 15 
100 1 |a Menghini, Mariano.  |4 dis 
245 1 0 |a Intersiembra de leguminosa sobre Thinopyrum ponticum como mejoradora de la biomasa forrajera, valor nutricional y estado orgánico del suelo /  |c por: Mariano Menghini ; director: Hugo Mario Arelovich ; co-director: Juan A. Galantini. 
260 |c 2018. 
300 |a xvii, 163 p.258 :  |b il. col ;  |c 30 cm. 
500 |a "Tesis presentada para optar al grado de Doctor en Agronomía". 
502 |a Tesis (doctoral)--Universidad Nacional del Sur. Departamento de Agronomía, 2018. 
504 |a Incluye referencias bibliográficas. 
530 |a Disponible también en formato digital. 
650 7 |a Agronomía.  |2 unbist 
650 7 |a Leguminosas.  |2 unbist 
650 7 |a Biomasa.  |2 unbist 
650 7 |a Mejoramiento de suelos.  |2 unbist 
653 |a Consociación 
653 |a Vicia villosa 
653 |a Melilotus albus 
653 |a Carbono particulado 
700 1 |a Arelovich, Hugo M.  |q (Hugo Mario)  |4 ths 
700 1 |a Galantini, Juan Alberto.  |4 ths 
710 2 |a Universidad Nacional del Sur.  |b Departamento de Agronomía  |4 dgg. 
856 4 1 |3 Texto completo  |u http://repositoriodigital.uns.edu.ar/handle/123456789/4194 
859 |a AR-BbBCA  |b BIB. AGRONOMIA  |h 040  |i B148 2018-1574  |p 126576/018